000 00528nam a22001817a 4500
005 20251108165232.0
008 250721s1992 xx 000 0 ara d
082 1 4 _a822.33/شكس
100 1 _aشكسبير، وليم
245 1 0 _aالليلة الثانية عشرة /
250 _aط.2.
264 1 _aالقاهرة :
_bدار المعارف،
_c1992.
300 _a168ص.
650 1 7 _aالمسرحيات الإنجليزية
700 1 _aحسين، مؤنس طه
_eترجمة
942 _2ddc
_cBK
999 _c22855
_d22855